Details of Frank Lloyd Wright: the California work, 1909-1974

-д хадгалсан:
Номзүйн дэлгэрэнгүй
Үндсэн зохиолчид: Zimmerman, Scot (Зохиогч), Dunham, Judith (Зохиогч), Wrigth, Eric Lloyd (Зохиогч)
Формат: Ном
Хэл сонгох:англи
Хэвлэсэн: San Francisco Chronicle Books 1994
Нөхцлүүд:
Шошгууд: Шошго нэмэх
Шошго байхгүй, Энэхүү баримтыг шошголох эхний хүн болох!

MARC

LEADER 00000nam a2200000 a 4500
001 UCK4590
003 CL-VaPUC
008 050610e19940000US |||||||||||||||||eng|d
020 |a 0811800822 
082 0 4 |a 720.92  |b ZIM  |2 21 
100 0 |a Zimmerman, Scot  |e author  |9 493148 
700 0 |a Dunham, Judith  |e author  |9 493149 
700 0 |a Wrigth, Eric Lloyd  |e author  |9 493150 
245 1 0 |a Details of Frank Lloyd Wright: the California work, 1909-1974 
300 |a 144 p 
942 |c BK 
945 |d 20050610 00:00:00  |a jcarroza 
260 |a San Francisco  |b Chronicle Books  |c 1994 
600 0 7 |a WRIGHT, FRANK LLOYD  |2 CL-VaPUC  |9 266860 
650 0 |a Arquitectura americana  |9 266861 
650 0 |a Arquitectura moderna  |9 265021 
650 0 |a Arquitectura  |y Siglo 20  |9 266208 
583 |a last modification  |c 20160912 05:20:17  |k Rodrigo Vera 
999 |c 313417  |d 313415 
952 |0 0  |1 0  |4 0  |6 720_920000000000000_ZIM_1994  |7 0  |8 A  |9 384751  |a BIBARQ  |b BIBARQ  |d 2019-11-22  |i 4126890  |o 720.92 ZIM 1994  |p 4126890  |r 2025-01-20  |w 2019-11-22  |y BK  |k ARQ